| 000 | 00891nac a22002651i 4500 | ||
|---|---|---|---|
| 003 | EG-ScBUE | ||
| 005 | 20250428094632.0 | ||
| 008 | 250413s2003 ii a f 001 0 eng d | ||
| 020 | _a8120317483 | ||
| 020 | _a9788120317482 | ||
| 040 |
_aEG-ScBUE _beng _erda _cEG-ScBUE _dEG-ScBUE |
||
| 082 | 0 | 4 |
_a530.41 _bSRI _222 |
| 100 | 1 |
_aSrivastava, J. P., _eauthor. |
|
| 245 | 1 | 0 |
_aElements of solid state physics / _cJ. P. Srivastava, professor of physics, Aligarh Muslim University, Aligarh. |
| 264 | 1 |
_aNew Delhi : _bPrentice Hall of India, Private Limited, _c2003. |
|
| 300 |
_axiv, 541 pages : _billustrations ; _c24 cm |
||
| 336 |
_2rdacontent _atext _btxt |
||
| 337 |
_aunmediated _2rdamedia _bn |
||
| 338 |
_avolume _bnc _2rdacarrier |
||
| 500 | _aIncludes Appendices. | ||
| 500 | _aIncludes index. | ||
| 650 | 7 |
_aSolid state physics. _2BUEsh |
|
| 655 | _vReading book | ||
| 942 |
_cBB _2ddc |
||
| 999 |
_c1396 _d1396 |
||